[Event "2nd Irena Warakomska Memorial-A"]
[Site "Suwalki"]
[Date "2018.08.01"]
[Round "1"]
[White "Kowalski, Igor"]
[Black "Tomczak, Jacek"]
[Result "0-1"]
[WhiteElo "2323"]
[BlackElo "2596"]
[Annotator "TA"]
[PlyCount "58"]
[EventDate "2018.08.01"]
[EventType "swiss"]
[EventCountry "POL"]
[SourceTitle "playchess.com"]
[Source "ChessBase"]
[SourceQuality "1"]

{[%evp 19,58,-3,18,-32,-23,-21,0,-16,-19,-8,-21,-33,-25,-42,-42,-42,-42,-66,-59,-59,-45,-47,-50,-51,-53,-51,-46,-66,-21,-52,-79,-64,-41,-425,-422,-5389,-5389,-2002,-1993,-1259,-1164]} 1. d4 Nf6 2. c4 e6 3. Nc3 Bb4 4. Qc2 d5 5. cxd5 exd5 6. Bg5 c5 7. Nf3 h6 8. Bxf6 Qxf6 9. a3 Bxc3+ 10. Qxc3 c4 {LiveBook: 9 Games. D38: Queen's Gambit Declined: Ragozin Defence (4 Nf3 Bb4)} 11. g3 $146 ({Predecessor:} 11. b3 Be6 12. Ne5 O-O 13. e3 Nc6 14. Be2 Nxe5 15. dxe5 Qg6 16. O-O d4 17. exd4 cxb3 18. Bf3 {0-1 (32) Dreev,A (2648)-Carlsen,M (2822) Tbilisi 2017}) 11... O-O 12. Bg2 Re8 {The position is equal.} 13. O-O (13. Ne5 {seems wilder.} Qd6 14. b3 cxb3 15. Qxb3 Nc6 16. Qxd5 Qxd5 17. Bxd5 Nxe5 18. dxe5 Rxe5 19. e4) 13... Nc6 14. e3 Bf5 15. Nd2 Qd6 16. b3 b5 17. bxc4 bxc4 18. Rad1 Bd3 19. Rfe1 Rab8 {[%cal Ba8b8,Bb8b5,Bb5d5,Bd5d1][%mdl 32]} 20. Bf1 Bxf1 21. Kxf1 Rb5 22. e4 $1 Rd8 $36 {[%mdl 2048] Black has some pressure.} 23. Kg1 Qf6 24. exd5 Rbxd5 25. Qxc4 Nxd4 {[#] Threatens to win with ...Nf3+.} 26. Ne4 $2 {[%mdl 8192]} ({Better is} 26. Kg2 $1 $15) 26... Qf5 $19 {Black is clearly winning.} 27. Re3 (27. Kg2 $142 Nf3 28. Qe2) 27... Nf3+ 28. Rxf3 Rxd1+ 29. Kg2 {[#]} Rg1+ $1 {[%mdl 512] Precision: White = 28%, Black = 79%.} 0-1

[Event "2nd Irena Warakomska Memorial-A"]
[Site "Suwalki"]
[Date "2018.08.01"]
[Round "1"]
[White "Debarshi, Mukherjee"]
[Black "Dmochowska, Agnieszka"]
[Result "1-0"]
[WhiteElo "2308"]
[BlackElo "2096"]
[Annotator "NA"]
[PlyCount "65"]
[EventDate "2018.08.01"]
[EventType "swiss"]
[EventCountry "POL"]
[SourceTitle "playchess.com"]
[Source "ChessBase"]
[SourceQuality "1"]
[TimeControl "40/5400+30:1800+30"]

1. c4 {[%emt 0:01:00]} Nf6 {[%emt 0:00:00]} 2. g3 {[%emt 0:00:24]} e6 {[%emt 0:00:14]} 3. Nf3 {[%emt 0:00:35]} d5 {[%emt 0:00:35]} 4. d4 {[%emt 0:00:42]} Bb4+ {[%emt 0:00:19]} 5. Bd2 {[%emt 0:00:11]} Be7 {[%emt 0:00:08]} 6. Bg2 {[%emt 0:00:27]} O-O {[%emt 0:00:15]} 7. O-O {[%emt 0:00:44]} c6 {[%emt 0:00:36]} 8. Qc2 {[%emt 0:00:32]} b6 {[%emt 0:00:25]} 9. Bf4 {[%emt 0:02:12]} Ba6 {[%emt 0:03:32]} 10. cxd5 {[%emt 0:03:26]} Nxd5 {[%emt 0:03:10]} 11. Rd1 {[%emt 0:03:42]} Nd7 {[%emt 0:02:45]} 12. Nc3 {[%emt 0:01:35]} Rc8 {[%emt 0:11:04]} 13. Rac1 {[%emt 0:06:49]} Nxf4 {[%emt 0:04:54]} 14. gxf4 {[%emt 0:00:05]} Qc7 {[%emt 0:00:46]} 15. e3 {[%emt 0:04:53]} Bb7 {[%emt 0:03:34]} 16. Qa4 {[%emt 0:11:39]} a6 {[%emt 0:02:03]} 17. Ne5 {[%emt 0:14:45]} b5 {[%emt 0:03:09]} 18. Qc2 {[%emt 0:02:16]} Nxe5 {[%emt 0:12:42]} 19. fxe5 {[%emt 0:01:07]} c5 {[%emt 0:01:11]} 20. d5 {[%emt 0:06:06]} exd5 {[%emt 0:05:55]} 21. Nxd5 {[%emt 0:01:40]} Qxe5 {[%emt 0:04:08]} 22. Qf5 {[%emt 0:01:25]} Bd6 {[%emt 0:15:37]} 23. Qxe5 {[%emt 0:01:37]} Bxe5 {[%emt 0:00:08]} 24. Ne7+ {[%emt 0:00:07]} Kh8 {[%emt 0:00:04]} 25. Nxc8 {[%emt 0:04:44]} Bxc8 {[%emt 0:00:58]} 26. b3 {[%emt 0:04:41]} g6 {[%emt 0:03:33]} 27. Rxc5 {[%emt 0:00:11]} Bg7 {[%emt 0:01:48]} 28. Rc7 {[%emt 0:02:52]} h5 {[%emt 0:01:43]} 29. Ra7 {[%emt 0:01:38]} Be5 {[%emt 0:01:19]} 30. Bd5 {[%emt 0:03:14]} Kg7 {[%emt 0:01:11]} 31. Rc1 {[%emt 0:00:07]} Bf5 {[%emt 0:08:04]} 32. f4 {[%emt 0:01:08]} Bb8 {[%emt 0:02:30]} 33. Rb7 1-0

[Event "2nd Irena Warakomska Memorial-A"]
[Site "Suwalki"]
[Date "2018.08.01"]
[Round "1"]
[White "Schippers, Maurice"]
[Black "Lisowski, Krzysztof"]
[Result "1-0"]
[WhiteElo "2303"]
[BlackElo "2072"]
[Annotator "TA"]
[PlyCount "85"]
[EventDate "2018.08.01"]
[EventType "swiss"]
[EventCountry "POL"]
[SourceTitle "playchess.com"]
[Source "ChessBase"]
[SourceQuality "1"]

{[%evp 33,85,109,100,74,139,72,67,60,64,42,136,89,85,85,73,75,81,64,58,41,58,5,8,0,6,8,10,0,26,0,0,0,25,3,268,269,414,401,773,818,781,781,715,657,966,779,713,468,1900,1862,6287,6287,29984,29985]} 1. e4 c5 2. Nf3 Nc6 3. d4 cxd4 4. Nxd4 Nf6 5. Nc3 e5 6. Ndb5 d6 7. Bg5 a6 8. Na3 b5 9. Bxf6 gxf6 10. Nd5 Bg7 11. Bd3 Ne7 12. Nxe7 Qxe7 13. c4 f5 14. O-O O-O 15. Qh5 bxc4 {B33: Sicilian: Pelikan and Sveshnikov Variations} (15... Qb7 16. Rfe1 d5 17. exd5 e4 18. Bf1 Bxb2 19. Rab1 Bg7 20. Nc2 Qd7 21. g3 Qd6 22. Ne3 f4 23. Nf5 Bxf5 24. Qxf5 {1-0 (45) Harikrishna,P (2693)-Wang,Y (2690) Zaozhuang 2012}) 16. Nxc4 d5 17. exd5 e4 {LiveBook: 8 Games. White is better.} 18. Bc2 Qc5 {[#]} (18... Qb4 $142) 19. Bb3 (19. Ne3 $142 $1) 19... a5 $16 {[%cal Ba6a5,Ba5a4][%mdl 32] Strongly threatening ...a4.} 20. Rac1 {Hoping for Ne3.} a4 21. Ne3 Qb4 $146 (21... Qd6 $14 22. Bd1 Qg6) ({Predecessor:} 21... Qd4 22. Bc4 f4 23. Nf5 Qxb2 {½-½ (40) Goetz,C (1817)-Henrich,H (2168) Pinneberg 2008}) 22. Bc2 Bxb2 23. Rb1 Qc3 24. Nd1 Qxc2 25. Rxb2 Qc1 26. Re2 Qf4 $1 ({Don't go for} 26... Ba6 $2 27. Ne3 $18) 27. Re3 ({White should play} 27. g3 $14 Qd6 28. Rfe1) 27... Ra6 $1 $11 28. Rh3 {[%csl Gh3][%cal Rh5h7]} h6 29. Rg3+ $40 {[%mdl 128] Black needs to defend precisely.} Kh7 30. Ne3 Rg6 31. Rd1 Rd8 32. a3 Kg7 33. Rc1 {Threatens to win with Rc6.} Rg5 $2 {[%mdl 8192]} (33... Bd7 $11 {and Black has nothing to worry.}) 34. Rc6 $18 Rh8 {[#]} (34... Rxg3 $142 35. hxg3 Qg5) 35. Qd1 $1 {[%cal Rd1d4] Intending Qd4+ and mate.} Qe5 (35... Re8 $142 36. Rxg5+ (36. Qxa4 Qe5 $18) 36... hxg5) 36. Nc4 Qe7 37. Qd4+ f6 38. d6 Qd8 39. Rc7+ Kg6 40. Qd5 {[%csl Gc7][%cal Rd5f7]} Rf8 (40... Rh7 $142) 41. Nb6 f4 42. Rxg5+ fxg5 43. Nxc8 {Precision: White = 39%, Black = 33%.} 1-0

[Event "2nd Irena Warakomska Memorial-A"]
[Site "Suwalki"]
[Date "2018.08.01"]
[Round "1"]
[White "Szustakowski, Antoni"]
[Black "Sliwerski, Radoslaw"]
[Result "1-0"]
[WhiteElo "2300"]
[BlackElo "1990"]
[Annotator "NA"]
[PlyCount "63"]
[EventDate "2018.08.01"]
[EventType "swiss"]
[EventCountry "POL"]
[SourceTitle "playchess.com"]
[Source "ChessBase"]
[SourceQuality "1"]
[TimeControl "40/5400+30:1800+30"]

1. d4 {[%emt 0:00:00]} Nf6 {[%emt 0:00:00]} 2. c4 {[%emt 0:00:00]} e6 {[%emt 0:00:00]} 3. Nf3 {[%emt 0:00:00]} d5 {[%emt 0:00:00]} 4. Nc3 {[%emt 0:00:00]} Bb4 {[%emt 0:00:03]} 5. cxd5 {[%emt 0:00:07]} exd5 {[%emt 0:00:02]} 6. Bf4 {[%emt 0:00:11]} c5 {[%emt 0:11:05]} 7. Rc1 {[%emt 0:08:04]} O-O {[%emt 0:09:35]} 8. e3 {[%emt 0:04:26]} Nc6 {[%emt 0:20:12]} 9. Be2 {[%emt 0:01:19]} Ne4 {[%emt 0:06:45]} 10. O-O {[%emt 0:09:09]} Bxc3 {[%emt 0:03:44]} 11. bxc3 {[%emt 0:03:57]} c4 {[%emt 0:00:04]} 12. Nd2 {[%emt 0:04:32]} g5 {[%emt 0:10:45]} 13. Nxe4 {[%emt 0:02:58]} gxf4 {[%emt 0:00:08]} 14. Nd2 {[%emt 0:00:07]} fxe3 {[%emt 0:02:24]} 15. fxe3 {[%emt 0:00:05]} f5 {[%emt 0:00:15]} 16. Rf3 {[%emt 0:12:58]} Kh8 {[%emt 0:02:19]} 17. Nf1 {[%emt 0:05:11]} b5 {[%emt 0:01:38]} 18. Ng3 {[%emt 0:00:42]} Qe8 {[%emt 0:02:49]} 19. Qd2 {[%emt 0:01:32]} Be6 {[%emt 0:04:02]} 20. Rcf1 {[%emt 0:01:53]} Qg6 {[%emt 0:01:41]} 21. Bd1 {[%emt 0:03:48]} Ne7 {[%emt 0:05:24]} 22. Qb2 {[%emt 0:00:44]} a6 {[%emt 0:06:46]} 23. Qb1 {[%emt 0:05:29]} Rfe8 {[%emt 0:05:26]} 24. Bc2 {[%emt 0:02:49]} Qg5 {[%emt 0:00:44]} 25. Kh1 {[%emt 0:06:16]} Rab8 {[%emt 0:02:58]} 26. Qb4 {[%emt 0:02:50]} Ng6 {[%emt 0:02:52]} 27. Qd6 {[%emt 0:05:42]} Nh4 {[%emt 0:00:48]} 28. R3f2 {[%emt 0:01:20]} Bg8 {[%emt 0:00:12]} 29. Nxf5 {[%emt 0:02:28]} Nxf5 {[%emt 0:00:18]} 30. Rxf5 {[%emt 0:00:06]} Qd8 {[%emt 0:00:46]} 31. Qg3 {[%emt 0:00:27]} b4 {[%emt 0:00:26]} 32. Rf7 {[%emt 0:00:29]} 1-0

[Event "2nd Irena Warakomska Memorial-A"]
[Site "Suwalki"]
[Date "2018.08.01"]
[Round "1"]
[White "Kyc, Jerzy"]
[Black "Aleksandrov, Aleksej"]
[Result "0-1"]
[WhiteElo "2283"]
[BlackElo "2585"]
[Annotator "TA"]
[PlyCount "204"]
[EventDate "2018.08.01"]
[EventType "swiss"]
[EventCountry "POL"]
[SourceTitle "playchess.com"]
[Source "ChessBase"]
[SourceQuality "1"]

{[%evp 18,204,28,20,30,27,29,11,9,18,11,18,29,-31,-19,-91,-93,-91,-93,-108,-89,-89,-93,-117,-117,-110,-103,-111,-112,-103,-98,-111,-109,-108,-106,-178,-153,-142,-117,-105,-113,-115,-104,-161,-131,-164,-166,-188,-131,-139,-139,-128,-128,-128,-131,-206,-45,-45,-45,-185,-170,-168,-161,-183,-175,-169,-135,-137,-126,-134,-127,-121,-125,-139,-103,-83,-87,-234,-235,-239,-239,-239,-239,-235,-123,-137,-103,-114,-52,-189,-183,-288,-283,-221,-2,-2,-2,-8,-2,-2,-2,-2,-2,-2,-2,-4,-2,-2,-2,-2,-2,-2,-2,-4,-4,-9,-9,-26,-26,-26,-34,-27,-9,-35,-22,-52,-62,-71,-14,-14,0,0,0,-14,0,0,0,0,0,0,0,-22,-8,-90,-55,-61,-63,-193,-37,-142,-142,-142,-142,-142,-149,-142,-152,-5181,-5593,-2495,-2310,-6103,-5897,-2473,-2139,-1650,-1536,-1417,-1314,-1007,-437,-886,-494,-752,-200,-200,-200,-243,-266,-29977,-29979,-29981,-229,-225,-220,-200,-192,-29983,-29983]} 1. e4 e5 2. Nf3 Nc6 3. Bb5 a6 4. Ba4 Nf6 5. d3 d6 6. c3 g6 7. O-O Bg7 8. Re1 O-O 9. h3 b5 {C77: Ruy Lopez: 3...a6 4 Ba4 Nf6, unusual lines} (9... Re8 10. Be3 d5 11. Nbd2 h6 12. exd5 Nxd5 13. Bxc6 bxc6 14. Qa4 Bf5 15. Ne4 Rb8 16. Rab1 Nb6 17. Qc2 {½-½ (40) Zhao,J (2599)-Wang,H (2713) Hanoi 2018}) 10. Bc2 {LiveBook: 14 Games} a5 11. a4 b4 {White has an edge.} 12. d4 $146 ({Predecessor:} 12. Be3 Ba6 13. Nbd2 Qd7 14. Nb3 Rfb8 15. Bg5 Bc8 16. Bd2 bxc3 17. bxc3 {½-½ (55) Vesely,P (2581)-De Oliveira,J (2574) ICCF email 2016}) 12... bxc3 13. bxc3 exd4 14. cxd4 Nb4 15. Bb2 (15. Nc3 $11) 15... Rb8 16. Nbd2 (16. Bc3 $11) 16... Nh5 $1 $17 17. Nc4 Ba6 18. Nxa5 c5 19. Nb3 Nf4 20. Bc3 Nxc2 21. Qxc2 Bd3 22. Qd1 {[#]} Be2 $1 {[%mdl 512]} 23. Rxe2 Nxe2+ 24. Qxe2 {Hoping for Qc4.} Rxb3 25. Qc2 Qb8 26. Rc1 (26. a5 $17) 26... Ra3 27. a5 Qb3 28. Qxb3 Rxb3 29. e5 dxe5 {[%cal Rc5d4]} 30. dxe5 (30. Nd2 $17 {was worth a try.} exd4 31. Nxb3 dxc3 32. Kf1 (32. Nxc5 Rc8 $17)) 30... Rd8 31. Kf1 Ra3 32. Rc2 Ra4 (32... Rd3 $19 33. Be1 Rd5) 33. g3 Rc4 34. Ke2 Re4+ 35. Kf1 Rd1+ 36. Be1 (36. Kg2 $17 Rc4 37. Nd2 Rxc3 38. Rxc3 Rxd2 39. Rxc5) 36... Rd3 $2 (36... Bxe5 $19 37. Re2 Rxe2 38. Kxe2 Rd5 39. Nxe5 Rxe5+ 40. Kd1 Kf8) 37. Ra2 $1 $15 Bxe5 38. Ng5 (38. Nxe5 $15 Rxe5 39. a6) 38... Rc4 39. a6 Rd8 40. Ba5 Ra8 41. Bb6 Bd6 {...Rb4 is the strong threat.} 42. a7 Rb4 43. Ra6 h6 $1 {[%cal Rh6g5]} 44. Nf3 Kf8 $1 45. Bd8 Be7 46. Bc7 c4 {[%cal Bc5c4,Bc4c3][%mdl 32]} 47. Ne5 (47. Bf4 $17) 47... c3 $19 48. Ke2 {White wants to play Nd7+.} Rb2+ 49. Kd3 Bb4 ({Stronger than} 49... Rxf2 50. Kxc3 Kg7 51. Nd7 $11) 50. Nc4 Rxf2 (50... c2 $19 51. Bf4 Rb3+ 52. Kxc2 Rc3+ 53. Kb2 Rxc4 54. Bxh6+ Ke7) 51. Bb6 $17 Rf3+ 52. Kc2 Rxg3 53. Bd4 (53. Ra4 $15 Rg2+ 54. Kc1) 53... Rg2+ $1 $19 ({And not} 53... Rxh3 54. Nb6 $11) 54. Kc1 (54. Kb3 {was called for.} c2 55. Kb2) 54... Be7 $1 {[%cal Re7g5]} 55. Be3 Bg5 $2 (55... Kg7 $1 $19 56. Nb6 Bg5 $1 {[%mdl 512]} 57. Bxg5 Re8 58. Bf6+ (58. Bh4 {gets mated.} Ree2 59. Kd1 Rd2+ 60. Kc1 Rg1+ 61. Be1 Rxe1#) 58... Kxf6 59. Na4+ Kg7 60. Nxc3 Ra8) 56. Bxg5 $11 Rxg5 57. Nb6 $132 {[%mdl 2048] [#] White puts up resistance} Rxa7 $1 {[%mdl 512]} 58. Rxa7 {[%mdl 4096] Endgame KRN-KR} Rh5 59. Nd7+ Kg7 60. Kc2 Rxh3 61. Ne5 Rh2+ 62. Kxc3 Rf2 63. Kd4 g5 64. Nd3 Rf1 65. Ke4 h5 66. Ra5 f6 67. Rf5 Ra1 68. Kf3 Kg6 69. Rd5 h4 70. Rd6 Kf5 {[%mdl 1024] Black has compensation.} 71. Nf2 Ra3+ 72. Kg2 Ra2 ({Better is} 72... g4 $17 {White must now prevent ...Ke5.} 73. Rb6 Kg6) 73. Kf3 Ke5 74. Rb6 Ra3+ 75. Kg2 Rg3+ 76. Kh2 f5 77. Rb5+ Kf6 {Strongly threatening ...g4.} 78. Rb6+ Kg7 79. Rd6 Ra3 {Threatening ...g4.} 80. Rd5 (80. Nh3 $11 {keeps the balance.}) 80... Kg6 81. Rd6+ Kh5 82. Rf6 {[#]} (82. Rd8 $15) 82... Ra5 $2 (82... Rf3 $1 $19 {[%cal Rf3f2]} 83. Nh1 g4) 83. Kg2 (83. Rf8 $1 $15) 83... g4 $17 84. Rf8 Kg5 {Threatens to win with ...Ra3.} 85. Rg8+ Kf4 {aiming for ...Ra2.} 86. Nd3+ Ke3 87. Nf2 $2 (87. Nb4 $17) 87... Ra2 $19 88. Re8+ Kf4 89. Kg1 Kf3 90. Nd3 h3 91. Re1 Rg2+ 92. Kh1 Rd2 93. Ne5+ Kf2 (93... Kf4 $142 94. Ng6+ Kg5) 94. Rc1 (94. Rg1 $142 g3 95. Rc1) 94... g3 95. Ng6 (95. Nf7 $142 Re2 96. Ng5) 95... Rd4 $2 (95... Ra2 96. Rb1 Ra6 97. Rb2+ Kf3 98. Rb3+ Kg4 99. Ne5+ Kh4 100. Rb4+ Kh5) 96. Rc2+ Kf1 97. Rc1+ Ke2 98. Rg1 $2 (98. Rc2+ $19 Kd1 99. Ra2) 98... Kf2 99. Rb1 Rg4 $2 (99... Re4 {mates} 100. Ra1 f4 101. Nxf4 Rxf4 102. Ra2+ Ke1 103. Ra1+ Kd2 104. Ra2+ Kc1 105. Ra1+ Kb2 106. Rg1 g2+ 107. Kh2 Rf1 108. Rxg2+ hxg2 109. Kxg2 Rf4 110. Kg3 Ra4 111. Kf2 Kc2 112. Ke3 Rc4 113. Ke2 Rc3 114. Kf1 Kd2 115. Kf2 Rd3 116. Kf1 Ke3 117. Kg2 Ke2 118. Kh1 Kf1 119. Kh2 Kf2 120. Kh1 Rh3#) 100. Rb2+ Ke3 101. Rb3+ Kd2 {( -> ...g2+)} 102. Rb2+ $2 (102. Nf4 $19) 102... Kc3 {Precision: White = 44%, Black = 59%.} 0-1

[Event "2nd Irena Warakomska Memorial-A"]
[Site "Suwalki"]
[Date "2018.08.01"]
[Round "1"]
[White "Paszewski, Mateusz"]
[Black "Stupak, Kirill"]
[Result "1/2-1/2"]
[WhiteElo "2274"]
[BlackElo "2573"]
[Annotator "TA"]
[PlyCount "78"]
[EventDate "2018.08.01"]
[EventType "swiss"]
[EventCountry "POL"]
[SourceTitle "playchess.com"]
[Source "ChessBase"]
[SourceQuality "1"]

{[%evp 25,78,6,18,10,27,23,47,-6,-7,-3,-6,-14,-14,-14,-14,-14,-14,-14,-14,-17,-14,-7,-17,-26,-16,-23,-14,-40,-36,-33,-33,-33,-35,-43,0,-55,-2,-18,0,-28,79,100,110,132,143,0,0,0,0,0,42,37,33,27,104]} 1. e4 c6 2. d4 d5 3. exd5 cxd5 4. Bd3 Nc6 5. c3 Nf6 6. Bf4 Bg4 7. Qb3 Qc8 8. Nd2 e6 9. Ngf3 Be7 10. O-O Bh5 11. Ne5 Nxe5 12. Bxe5 {B13: Caro-Kann: Exchange Variation and Panov-Botvinnik Attack} O-O 13. Rae1 (13. Rac1 Bg6 14. Bxg6 hxg6 15. c4 Qd7 16. c5 Rfc8 17. Qd3 a5 18. Rc3 Qc6 19. Rfc1 Ne4 20. Nxe4 dxe4 {½-½ (50) Wei,Y (2696)-Zhou,J (2620) Wuxi 2016}) 13... Nd7 {LiveBook: 4 Games} 14. Bg3 {The position is equal.} Re8 $146 ({Predecessor:} 14... Bg6 15. Bxg6 hxg6 16. c4 Bg5 17. f4 dxc4 18. Nxc4 Bf6 19. Rd1 Rd8 {1-0 (42) Zajic,M (2370)-Pikula,D (2498) Vrnjacka Banja 2014}) 15. f4 f5 16. Bb5 ({White should try} 16. Nf3 $14) 16... a6 $11 17. Bxd7 Qxd7 18. Nf3 Bxf3 19. Rxf3 b5 20. Rfe3 Bf8 21. a3 a5 22. Qd1 b4 23. axb4 axb4 24. Qe2 {[%cal Re3e6]} Kf7 25. Qh5+ g6 26. Qf3 Ra2 27. R1e2 Qa4 {aiming for ...Rxb2!} 28. Be1 Qd1 29. g3 Qb1 30. Qf2 (30. c4 $1 $11 Bg7 31. Rxe6 Rxe6 32. Qxd5) 30... h6 ({Better is} 30... bxc3 $15 31. bxc3 Rxe2 32. Qxe2 Qb6) 31. h4 Qd1 32. Kg2 b3 {[#]} (32... bxc3 $11 33. Bxc3 Bd6) 33. h5 $1 $16 gxh5 34. Qf3 Kg7 {[#] With the idea ...Ba3!} 35. Kf1 (35. c4 $1 $16) 35... Re7 $11 36. Rd3 Qb1 37. Rdd2 Ra1 38. Qxh5 Kh7 39. Kg2 Qa2 {Precision: White = 49%, Black = 48%.} (39... Raa7 $11) 1/2-1/2

[Event "2nd Irena Warakomska Memorial-A"]
[Site "Suwalki"]
[Date "2018.08.01"]
[Round "1"]
[White "Marszalek, Maciej"]
[Black "Fedorov, Alexei"]
[Result "1-0"]
[WhiteElo "2269"]
[BlackElo "2561"]
[Annotator "TA"]
[PlyCount "63"]
[EventDate "2018.08.01"]
[EventType "swiss"]
[EventCountry "POL"]
[SourceTitle "playchess.com"]
[Source "ChessBase"]
[SourceQuality "1"]

{[%evp 22,62,14,15,4,-1,14,8,35,27,48,51,67,60,80,38,134,39,159,164,216,214,190,103,144,135,239,247,228,238,400,400,389,404,367,370,622,525,795,813,29996,29997,29999]} 1. d4 Nf6 2. Bg5 Ne4 3. Bf4 c5 4. f3 Qa5+ 5. c3 Nf6 6. d5 Qb6 7. Bc1 d6 {A45: Trompowsky Attack} (7... e6 8. e4 exd5 9. exd5 Be7 10. c4 d6 11. Bd3 Nbd7 12. f4 O-O 13. Nc3 Re8 14. Nge2 Nf8 15. Qc2 Bg4 16. O-O Bxe2 17. Bxe2 {0-1 (55) Mchedlishvili,M (2600)-Melkumyan,H (2664) Batumi 2018}) 8. e4 g6 9. c4 Bg7 10. Nc3 O-O 11. Bd3 e6 12. Nge2 {LiveBook: 10 Games} exd5 13. exd5 Nbd7 14. f4 a6 $146 ({Predecessor:} 14... Re8 15. O-O {1-0 (54) Abdel Razik,K (2396)-Ibrahim,W (2066) Egypt 2007}) 15. O-O Qc7 {Black wants to play ...b5!} 16. a4 Re8 17. h3 Rb8 18. Qc2 Nf8 (18... b5 $14) 19. Ng3 (19. f5 $16) 19... Bd7 (19... b5 $14) 20. f5 $16 b5 {[#]} (20... Re7 $142 21. Kh2 Ne8) 21. Bg5 $1 $18 {aiming for fxg6.} (21. axb5 axb5 22. Nxb5 Bxb5 $11) 21... bxc4 {[#]} 22. Bxc4 (22. fxg6 $1 $18 hxg6 23. Bxg6 fxg6 24. Bxf6) 22... Rb4 23. b3 {Threatens to win with fxg6.} ({But not} 23. Bxa6 h6 $14) 23... h6 {[#]} (23... gxf5 $16 24. Rab1 (24. Nxf5 Bxf5 25. Rxf5 Nh5 $16) (24. Bxa6 Ng6 $14) 24... Qc8) 24. Bxh6 $1 {[%mdl 512]} Bxh6 25. fxg6 Be3+ $2 (25... fxg6 {is a better defense.} 26. Rxf6 Bg7) 26. Kh1 Bd4 27. gxf7+ Kxf7 28. Nh5 $1 Re3 $2 (28... Qa5 29. Nxf6 Bxf6) 29. Nxf6 Bxf6 30. Qf2 Rxc3 31. Qxf6+ Ke8 32. Qxf8# {Precision: White = 53%, Black =  8%.} 1-0

[Event "2nd Irena Warakomska Memorial-A"]
[Site "Suwalki"]
[Date "2018.08.01"]
[Round "1"]
[White "Bykovskiy, Oleg"]
[Black "Bernadskiy, Vitaliy"]
[Result "0-1"]
[WhiteElo "2263"]
[BlackElo "2544"]
[Annotator "TA"]
[PlyCount "74"]
[EventDate "2018.08.01"]
[EventType "swiss"]
[EventCountry "POL"]
[SourceTitle "playchess.com"]
[Source "ChessBase"]
[SourceQuality "1"]

{[%evp 11,74,33,47,22,35,12,26,-22,-20,-29,-33,-33,-27,-35,-14,-14,-14,-16,-14,-43,-56,-41,-16,-13,0,0,0,0,0,-10,-9,-58,-22,-22,-21,-22,-23,-33,-22,-55,-56,-66,-37,-36,-49,-149,-143,-268,-274,-394,-383,-680,-464,-473,-460,-460,-449,-397,-289,-302,-295,-467,-449,-1072,-1064]} 1. e4 g6 2. d4 Bg7 3. Nc3 a6 4. Be3 d6 5. a4 Nf6 6. f3 O-O {LiveBook: 28 Games. B06: Modern Defence} (6... c6 7. Qd2 h5 8. Bd3 a5 9. Nge2 Na6 10. O-O O-O 11. Kh1 e5 12. Bc4 Nb4 13. Bb3 Qc7 14. Bh6 {½-½ (70) Radjabov,T (2745)-Nakamura,H (2775) Stavanger 2013}) 7. Bc4 c6 8. Nge2 {[%cal Bg1e2,Be2f4,Bf4d3,Bd3f2,Bf2g4][%mdl 32]} d5 {The position is equal.} 9. exd5 cxd5 $146 ({Predecessor:} 9... Nxd5 10. Nxd5 cxd5 11. Bb3 Nc6 12. Nc3 e6 13. Qd2 Qh4+ 14. Bf2 {1-0 (32) Romanov,S (2083)-Rusinov,M (1911) Moscow 2009}) 10. Ba2 Nc6 11. Nf4 {[%cal Rf4d5]} e6 12. Nd3 Ne8 13. Ne2 Nd6 14. c3 Nc4 15. Bxc4 (15. Bf4 {with more complications.} Qh4+ 16. Bg3 Qe7 17. Bf2 Qg5 18. g3) 15... dxc4 16. Nf2 h6 17. O-O Na5 18. Ng4 Kh7 19. Qc2 Nc6 20. Nf4 f5 21. Rae1 Qe8 22. d5 {And now Bc5 would win.} fxg4 23. dxc6 gxf3 24. Qe4 bxc6 25. g4 {With the idea Bc5.} e5 26. Bc5 $1 {[%cal Rc5f8]} Bxg4 ({Don't play} 26... Rxf4 $6 27. Qxf4 $1 {[%mdl 512]} Be6 28. Qxf3 $14) 27. Bxf8 Bxf8 28. Qxc4 {[#]} (28. Qxe5 $15 Qxe5 29. Rxe5) 28... Qe7 $1 $36 {[%cal Re7c5][%mdl 2048] Black has strong initiative.} 29. h3 (29. Nd5 $17 cxd5 30. Qxg4) 29... Bf5 $19 {Hoping for ...Qg5+.} 30. Kh2 (30. Kh1 $142 Qf6 31. Nd3 Bxh3 32. Rf2) 30... Qf6 31. Nd3 $2 (31. Nh5 gxh5 32. Rxf3) 31... Bd6 {...Bxd3 is the strong threat.} 32. Re4 Bxe4 33. Qxe4 Qf5 ({Less strong is} 33... Rf8 34. Nf2 $19) 34. Nf2 Rd8 35. Rd1 h5 36. Rd3 (36. h4 {keeps fighting.}) 36... Bc7 37. Rxf3 {[#]} (37. Rxd8 $142 Bxd8 38. Kg3) 37... Qxf3 $1 {[%mdl 512] Precision: White = 34%, Black = 67%.} 0-1